<?xml version="1.0" encoding="UTF-8"?>
<record
    xmlns:xsi="http://www.w3.org/2001/XMLSchema-instance"
    xsi:schemaLocation="http://www.loc.gov/MARC21/slim http://www.loc.gov/standards/marcxml/schema/MARC21slim.xsd"
    xmlns="http://www.loc.gov/MARC21/slim">

  <leader>01653nam a22002417a 4500</leader>
  <controlfield tag="003">DO-SdBJH</controlfield>
  <controlfield tag="005">20250502144856.0</controlfield>
  <controlfield tag="008">250502b        |||||||| |||| 00| 0 spa d</controlfield>
  <datafield tag="040" ind1=" " ind2=" ">
    <subfield code="a">DO-SdBJH</subfield>
    <subfield code="b">spa</subfield>
    <subfield code="c">DO-SdBJH</subfield>
  </datafield>
  <datafield tag="090" ind1=" " ind2=" ">
    <subfield code="a">TG AMBC</subfield>
    <subfield code="b">02346 2023</subfield>
  </datafield>
  <datafield tag="100" ind1="1" ind2=" ">
    <subfield code="a">Almarante D&#xED;az, Juan Alberto</subfield>
    <subfield code="e">sustentante</subfield>
  </datafield>
  <datafield tag="245" ind1="1" ind2="0">
    <subfield code="a">Impacto de la operaci&#xF3;n bayahonda en el mejoramiento de la seguridad fronteriza en el &#xE1;rea de responsabilidad del 16to. Bon de Infanter&#xED;a del ERD, per&#xED;odo 2022-2023 /  </subfield>
    <subfield code="c"> Juan Alberto Almarante D&#xED;az, Jeffrey G&#xF3;mez Castillo, asesores Alfredo Blanco Suarez, Marcos Mateo Capell&#xE1;n</subfield>
  </datafield>
  <datafield tag="260" ind1=" " ind2=" ">
    <subfield code="a">Santo Domingo Este :</subfield>
    <subfield code="b">INSUDE, </subfield>
    <subfield code="c">2023</subfield>
  </datafield>
  <datafield tag="300" ind1=" " ind2=" ">
    <subfield code="a">vii, 73 p&#xE1;ginas</subfield>
  </datafield>
  <datafield tag="502" ind1=" " ind2=" ">
    <subfield code="a">Trabajo de grado (Licenciatura en Ciencias Militares) -- Instituto Superior para la Defensa (INSUDE). Academia Militar del Ej&#xE9;rcito de Rep&#xFA;blica Dominicana "Batalla de las Carreras", 2023</subfield>
  </datafield>
  <datafield tag="504" ind1=" " ind2=" ">
    <subfield code="a">Incluye referencias bibliogr&#xE1;ficas e &#xED;ndices</subfield>
  </datafield>
  <datafield tag="505" ind1=" " ind2=" ">
    <subfield code="a">Origen y evoluci&#xF3;n y marco legal de la seguridad fronteriza haitiana en el municipio de Pedernales. -- Amenazas presentadas en la frontera dominico haitiana en el municipio de Pedernales. -- Impacto de las operaciones bayahonda en el &#xE1;rea de responsabilidad del 16to. Bon. para el fortalecimiento y controles de la seguridad fronteriza, durante el per&#xED;odo 2021-2022</subfield>
  </datafield>
  <datafield tag="700" ind1="1" ind2=" ">
    <subfield code="a">G&#xF3;mez Castillo, Jeffrey </subfield>
    <subfield code="e">sustentante</subfield>
  </datafield>
  <datafield tag="700" ind1="1" ind2=" ">
    <subfield code="a">Blanco Suarez, Alfredo </subfield>
    <subfield code="e">asesor</subfield>
  </datafield>
  <datafield tag="700" ind1="1" ind2=" ">
    <subfield code="a">Mateo Capell&#xE1;n, Marcos </subfield>
    <subfield code="e">asesor</subfield>
  </datafield>
  <datafield tag="830" ind1=" " ind2=" ">
    <subfield code="a">INSUDE.  Academia Militar del Ej&#xE9;rcito de Rep&#xFA;blica Dominicana "Batalla de las Carreras";.  Trabajo de grado y disertaciones.</subfield>
  </datafield>
  <datafield tag="942" ind1=" " ind2=" ">
    <subfield code="2">CL</subfield>
    <subfield code="c">T</subfield>
  </datafield>
  <datafield tag="999" ind1=" " ind2=" ">
    <subfield code="c">8182</subfield>
    <subfield code="d">8182</subfield>
  </datafield>
  <datafield tag="952" ind1=" " ind2=" ">
    <subfield code="0">0</subfield>
    <subfield code="1">0</subfield>
    <subfield code="2">CL</subfield>
    <subfield code="4">0</subfield>
    <subfield code="7">0</subfield>
    <subfield code="8">CG</subfield>
    <subfield code="a">BJHA</subfield>
    <subfield code="b">BJHA</subfield>
    <subfield code="d">2025-05-02</subfield>
    <subfield code="i">23-02346</subfield>
    <subfield code="l">0</subfield>
    <subfield code="o">TG AMBC 02346 2023</subfield>
    <subfield code="p">23-02346</subfield>
    <subfield code="r">2025-05-02 14:50:08</subfield>
    <subfield code="t">e.1</subfield>
    <subfield code="w">2025-05-02</subfield>
    <subfield code="y">T</subfield>
  </datafield>
</record>
